Billboard Artist 100 Based on Their Most Recent Hit (03/18/2023) - Statistics

General Stats
  • This quiz has been taken 17 times
  • The average score is 31 of 100
Answer Stats
Most Recent Hit Artist % Correct
Anti-Hero Taylor Swift
82%
Bohemian Rhapsody Queen
76%
Easy On Me Adele
71%
Die For You - Remix Ariana Grande
71%
Cold Heart Dua Lipa
71%
As It Was Harry Styles
71%
Die For You - Remix The Weeknd
71%
Rich Flex Drake
65%
Merry Christmas Ed Sheeran
65%
Unholy Sam Smith
65%
CUFF IT Beyonce
59%
TRUSTFALL P!nk
59%
Lift Me Up Rihanna
59%
Do I Wanna Know? Arctic Monkeys
53%
TV Billie Eilish
53%
Smokin Out The Window Bruno Mars
53%
Hold Me Closer Elton John
53%
Bloody Mary Lady Gaga
53%
Flowers Miley Cyrus
53%
Last Night Morgan Wallen
53%
I Like You Post Malone
53%
Heat Waves Glass Animals
47%
Boy's a liar Pt. 2 Ice Spice
47%
Thriller Michael Jackson
47%
Red Ruby Da Sleeze Nicki Minaj
47%
Kill Bill SZA
47%
Creepin' 21 Savage
41%
La Jumpa Bad Bunny
41%
I Like You Doja Cat
41%
Superhero Future
41%
Creepin' Metro Boomin
41%
Bad Habit Steve Lacy
41%
Something in the Orange Zach Bryan
41%
Under The Influence Chris Brown
35%
I'm Good David Guetta
35%
Bones Imagine Dragons
35%
Private Landing Justin Bieber
35%
golden hour JVKE
35%
Snow On The Beach Lana Del Rey
35%
Made You Look Meghan Trainor
35%
Master of Puppets Metallica
35%
Answer: NCT 127 NCT 127
35%
I Ain't Worried OneRepublic
35%
Boy's a liar Pt. 2 PinkPantheress
35%
Trance Travis Scott
35%
Answer: Daisy Jones & The Six Daisy Jones & The Six
29%
USE THIS GOSPEL Eminem
29%
Unholy Kim Petras
29%
Forget Me Lewis Capaldi
29%
Unstoppable Sia
29%
Answer: TOMORROW X TOGETHER TOMORROW X TOGETHER
29%
Answer: Tyler Childers Tyler Childers
29%
Cash In Cash Out Tyler, The Creator
29%
I'm Good Bebe Rexha
24%
TQG KAROL G
24%
Freestyle Lil Baby
24%
Just Wanna Rock Lil Uzi Vert
24%
Special Lizzo
24%
Going, Going, Gone Luke Combs
24%
Sure Thing Miguel
24%
Escapism. RAYE
24%
Calm Down Selena Gomez
24%
TQG Shakira
24%
Until I Found You Stephen Sanchez
24%
Rock and A Hard Place Bailey Zimmerman
18%
Players Coi Leray
18%
I Heard It Through The Grapevine Creedence Clearwater Revival
18%
Son Of A Sinner Jelly Roll
18%
I Wish you Roses Kali Uchis
18%
Hot Shit Kanye West
18%
Something In The Way Nirvana
18%
Hard Times Paramore
18%
Calm Down Rema
18%
WAIT FOR U Tems
18%
Dreams Fleetwood Mac
12%
In The Bible HARDY
12%
on the street J. Cole
12%
on the street j-hope
12%
Silent Hill Kendrick Lamar
12%
Heart Like A Truck Lainey Wilson
12%
Lost Linkin Park
12%
Love Again The Kid LAROI
12%
She Had Me At Heads Carolina Cole Swindell
6%
Thank God Kane Brown
6%
half of my hometown Kelsea Ballerini
6%
Fool in the Rain Led Zeppelin
6%
Summer Days Macklemore
6%
Take It Back Pink Floyd
6%
Real Love The Beatles
6%
Nasty Girl The Notorious B.I.G.
6%
You Should Probably Leave Chris Stapleton
0%
Human Cody Johnson
0%
All Good? De La Soul
0%
Please Come Home for Christmas Eagles
0%
Humility Gorillaz
0%
Bebe Dame Grupo Frontera
0%
That's What Tequila Does Jason Aldean
0%
Next Thing You Know Jordan Davis
0%
You Got That Right Lynyrd Skynyrd
0%
Dancin' In The Country Tyler Hubbard
0%
No matching quizzes found
Score Distribution
Percent of People with Each Score
Percentile by Number Answered
Your Score History
You have not taken this quiz